header

The political theory of the Federalist (Record no. 10545)

MARC details
000 -LEADER
fixed length control field 01228nam a2200313Ia 4500
100 1# - MAIN ENTRY--AUTHOR NAME
Personal name Epstein, David F.
245 14 - TITLE STATEMENT
Title The political theory of the Federalist
250 ## - EDITION STATEMENT
Edition statement Pbk. ed.
260 ## - PUBLICATION, DISTRIBUTION, ETC. (IMPRINT)
Place of publication Chicago :
Name of publisher University of Chicago Press,
Year of publication 1986, 1984.
300 ## - PHYSICAL DESCRIPTION
Number of Pages ix, 234 p.
500 ## - GENERAL NOTE
General note "Published 1984; paperback edition 1986"--T.p. verso.
650 #0 - SUBJECT ADDED ENTRY--TOPICAL TERM
Topical Term Political science
856 40 - ELECTRONIC LOCATION AND ACCESS
Uniform Resource Identifier http://site.ebrary.com/lib/rucke/Doc?id=10265976

No items available.

© 2026 Rongo University
Contact us: librarian | system librarian | Rongo university